000 nam a22 7a 4500
999 _c8028
_d8028
008 171121b xxu||||| |||| 00| 0 eng d
100 _aSoares.N.
_94479
245 _aBetter living
260 _bJeerandeep
_c2008